Outlines Of Indian Legal History (Record no. 170054)

MARC details
000 -LEADER
fixed length control field 00623nam a22002177a 4500
005 - DATE AND TIME OF LATEST TRANSACTION
control field 20191210150349.0
010 ## - LCCN (DPL NO)
LC control number B-083173
020 ## - INTERNATIONAL STANDARD BOOK NUMBER
Terms of availability 330.00
035 ## - SYSTEM CONTROL NUMBER
System control number B-083173
037 ## - SOURCE OF ACQUISITION
Source of stock number/acquisition dpl
082 ## - DEWEY DECIMAL CLASSIFICATION NUMBER
Classification number 340.0954
100 ## - MAIN ENTRY--PERSONAL NAME
Personal name Jain,M.P.
245 ## - TITLE STATEMENT
Title Outlines Of Indian Legal History
Remainder of title by M.P. Jain
250 ## - EDITION STATEMENT
Edition statement Fifth
260 ## - PUBLICATION, DISTRIBUTION, ETC. (IMPRINT)
Place of publication, distribution, etc New Delhi
Name of publisher, distributor, etc Win Offset printers
Date of publication, distribution, etc 2004
270 ## - ADDRESS
Address B-193, Okhla Industrial Area, Phase-1
City New Delhi
Postal code 110020
300 ## - PHYSICAL DESCRIPTION
Extent xxix,728p.
Dimensions 24cm (Hb.)
500 ## - GENERAL NOTE
General note Fifth Edition Reprinted
942 ## - ADDED ENTRY ELEMENTS (KOHA)
Source of classification or shelving scheme Dewey Decimal Classification
Item type English Books
Edition 2004
Classification part 340.0954
Call number prefix JAI
Holdings
Withdrawn status Lost status Not for loan Collection code Home library Current library Date acquired Source of acquisition Cost, normal purchase price Full call number Barcode Copy number Cost, replacement price Koha item type
      Non-fiction Central Library Central Library 10/12/2019 dpl 330.00 340.0954 B-083173 1 330.00 English Books

© Delhi Public Library
Hit Counter
free hit counter